| 000 | 01151cam a2200265 i 4500 | ||
|---|---|---|---|
| 003 | SA-RiAUC | ||
| 005 | 20241019093924.0 | ||
| 008 | 241017s1997 le g 00000 ara c | ||
| 040 |
_aSA-RiAUC _bara _cSA-RiAUC _erda |
||
| 082 | 0 | 4 | _a252.3 |
| 090 |
_a252.3 _bا ب ن ع |
||
| 100 | 1 |
_aابن عبد السلام، عبد العزيز بن عبد السلام بن أبي القاسم، _d577-660 هجري _eمؤلف. |
|
| 245 | 1 | 0 |
_aفوائد الصوم / _cعبد العزيز بن عبد السلام السلمي ؛ تقديم عبد الله نذير أحمد. |
| 250 | _aالطبعة الثانية. | ||
| 264 | 1 |
_aبيروت : _aمكة المكرمة : _bدار ابن حزم ؛ _bالمكتبة المكية، _c1997 |
|
| 300 |
_a87 صفحة ؛ _c24 سم |
||
| 336 |
_aنص _btxt _2rdacontent _3كتاب |
||
| 337 |
_aبدون وسيط _bn _2rdamedia |
||
| 338 |
_aمجلد _bnc _2rdacarrier |
||
| 650 | 7 |
_aالصوم (إسلام) _2aucsh |
|
| 650 | 7 |
_aالعبادات (فقه إسلامي) _2aucsh |
|
| 700 | 1 |
_aمزي، عبد الله نذير أحمد _eمقدم. |
|
| 942 |
_2ddc _cBOOK _n0 |
||
| 949 |
_aSA-JeALM _d241017 _umohamedma123 _n1 |
||
| 999 |
_c1489 _d1489 |
||